000 00493cam a22001934a 4500
005 20250605164314.0
008 250528s ||||||||||||||||||||||||d
035 _a22607
020 _a9780412484100
040 _aGR-AtMCL
_bgre
_dGR-AtMCL
_eAACR2
245 1 _aBUSINESS IN CONTEXT / AN INTRODUCTION TO BUSINESS AND ITS ENVIRONMENT
250 _a2
260 _bChapman & Hall,
_c1989
300 _a405
700 1 _aNeedle David
_9952
942 _cBK
999 _c7655
_d7655